Las luchas populares en Colón

Tallennettuna:
Bibliografiset tiedot
Päätekijä: Martínez H, Milton
Aineistotyyppi: Teksti
Julkaistu: Panamá :
Tagit: Lisää tagi
Ei tageja, Lisää ensimmäinen tagi!

MARC

LEADER 00000 a a2200000 04500
001 14630
003
040
090 |a 021700  
100 |a Martínez H, Milton  
245 |a Las luchas populares en Colón  
260 |a Panamá :  
300 |a 18 p.  
500 |a También EN: CEASPA. Colón: Al calor de sus luchas, aporte a la historia popular. pp. 43-14# acceso CIDCACS: 114201  
999 |c 10860  |d 10860